Les relations actionnaires-dirigeants selon les types d'organisation.

Pokus o typológiu organizačných foriem: dilema - vlastníctvo a kontrola. Spoločnosť uzavretá a otvorená. Chaos alebo formálne rozdelenie rozhodovacích a kontrolných funkcií. Citlivosť vzťahu vedúci - akcionár podľa organizačnej formy - forma regulácie antagonizmov a ich premena. Závery. (Revue franc...

ver descrição completa

Na minha lista:
Detalhes bibliográficos
Autor principal: Amann, B.
Outros Autores: Couret, Alain
Formato: Capítulo de Livro
Idioma:francês
Assuntos:
Tags: Adicionar Tag
Sem tags, seja o primeiro a adicionar uma tag!

MARC

LEADER 00000naa a2200000 4500
001 r010287
005 20220913125104.1
041 0 |a fre 
044 |a FR 
245 1 0 |a Les relations actionnaires-dirigeants selon les types d'organisation.  |c B. Amann, A. Couret 
520 |a Pokus o typológiu organizačných foriem: dilema - vlastníctvo a kontrola. Spoločnosť uzavretá a otvorená. Chaos alebo formálne rozdelenie rozhodovacích a kontrolných funkcií. Citlivosť vzťahu vedúci - akcionár podľa organizačnej formy - forma regulácie antagonizmov a ich premena. Závery. (Revue francaise de gestion 1992, č.87.). 
610 2 0 |a spoločnosti akciové 
610 2 0 |a akcionári 
610 2 0 |a pracovníci riadiaci 
610 2 0 |a rozhodovanie 
610 2 0 |a kontrola 
100 1 |a Amann, B. 
700 1 |a Couret, Alain